<?xml version="1.0" encoding="UTF-8"?>
<marc:record xmlns:marc="http://www.loc.gov/MARC21/slim">
   <marc:leader>00000nam a2200000 a 4500</marc:leader>
   <marc:datafield ind1="1" ind2=" " tag="100">
      <marc:subfield code="a">Oppel, Kenneth</marc:subfield>
      <marc:subfield code="4">aut</marc:subfield>
      <marc:subfield code="e">Verfasser/-in</marc:subfield>
   </marc:datafield>
   <marc:datafield ind1="1" ind2=" " tag="100">
      <marc:subfield code="a">Kirches, Kanut</marc:subfield>
      <marc:subfield code="4">oth</marc:subfield>
      <marc:subfield code="e">Sonstiges</marc:subfield>
   </marc:datafield>
   <marc:datafield ind1="0" ind2="0" tag="245">
      <marc:subfield code="a">Bloom 2</marc:subfield>
   </marc:datafield>
   <marc:datafield ind1="0" ind2="0" tag="245">
      <marc:subfield code="b">sie schlüpfen auch in deiner Stadt</marc:subfield>
   </marc:datafield>
   <marc:datafield ind1="0" ind2="0" tag="245">
      <marc:subfield code="c">Oppel, Kenneth</marc:subfield>
   </marc:datafield>
   <marc:datafield ind1=" " ind2="1" tag="264">
      <marc:subfield code="a">Weinheim</marc:subfield>
      <marc:subfield code="b">Gulliver von Beltz &amp; Gelberg</marc:subfield>
      <marc:subfield code="c">2021</marc:subfield>
   </marc:datafield>
   <marc:datafield ind1="1" ind2=" " tag="520">
      <marc:subfield code="a">Quelle: bn.bibliotheksnachrichten (http://www.biblio.at/literatur/bn/index.html); &#xD;
Autor: Anita Ruckerbauer; &#xD;
Diesmal hat der Regen gefährliche Lebewesen gebracht. (ab 13) (JE)&#xD;
Kaum haben Anaya, Petra und Seth geholfen, ein Mittel gegen das tödliche schwarze Gras zu finden, werden sie vom militärischen Geheimdienst gefangen genommen und in eine unterirdische Hochsicherheitsanlage verfrachtet. Hier treffen sie auf andere Jugendliche, die ähnliche Mutationen wie sie durchlaufen. Ein skrupelloser Wissenschaftler lässt immer wieder Tests an ihnen durchführen, die zum Teil auch tödlich verlaufen. Den Jugendlichen ist klar, dass ihre einzige Überlebenschance in der Flucht liegt.&#xD;
Natürlich fragen sie sich auch, wie weit ihre Mutation gehen wird. Seth hat beunruhigende Träume voller Gewalt und Anaya hat telepathischen Kontakt mit einer Außerirdischen. Petra wiederum kann ihre Verwandlung nicht ertragen und sehnt sich danach, zu ihrem alten Leben zurückzukehren. Seth dagegen, der die Geborgenheit einer Familie nie kennengelernt hat, ist von seinen neuen Kräften und Fähigkeiten durchaus angetan.&#xD;
Wie bereits im ersten Band stehen die Emotionen der Jugendlichen im Vordergrund und ihr verzweifelter Versuch, die richtigen Entscheidungen zu treffen. Kenneth Oppel ist hier eine rasante und spannende Fortsetzung gelungen, die alles hat, was einen echten Pageturner ausmacht.</marc:subfield>
   </marc:datafield>
   <marc:datafield ind1=" " ind2=" " tag="020">
      <marc:subfield code="a">9783407810625</marc:subfield>
      <marc:subfield code="9">9783407810625</marc:subfield>
   </marc:datafield>
   <marc:datafield ind1=" " ind2=" " tag="020">
      <marc:subfield code="a">3407810628</marc:subfield>
      <marc:subfield code="9">3407810628</marc:subfield>
   </marc:datafield>
   <marc:datafield ind1=" " ind2=" " tag="041">
      <marc:subfield code="a">ger</marc:subfield>
   </marc:datafield>
   <marc:datafield ind1=" " ind2=" " tag="338">
      <marc:subfield code="a">Band</marc:subfield>
   </marc:datafield>
   <marc:datafield ind1=" " ind2=" " tag="300">
      <marc:subfield code="a">442 S.</marc:subfield>
   </marc:datafield>
</marc:record>
